A practical approach to commercial conveyancing and property (Record no. 102901)

MARC details
000 -LEADER
fixed length control field 01447cam a2200301 4500
008 - FIXED-LENGTH DATA ELEMENTS--GENERAL INFORMATION
fixed length control field 000000n2003 000 0 eng u
020 ## - INTERNATIONAL STANDARD BOOK NUMBER
International Standard Book Number 0199266190
035 ## - SYSTEM CONTROL NUMBER
System control number (Sirsi) u122663
041 ## - LANGUAGE CODE
Language code of text/sound track or separate title eng
050 ## - LIBRARY OF CONGRESS CALL NUMBER
Classification number 346.410438
-- 18
100 ## - MAIN ENTRY--PERSONAL NAME
Personal name Abbey, Robert
245 #2 - TITLE STATEMENT
Title A practical approach to commercial conveyancing and property
250 ## - EDITION STATEMENT
Edition statement 2nd ed.
260 ## - PUBLICATION, DISTRIBUTION, ETC.
Place of publication, distribution, etc. London
Name of publisher, distributor, etc. Blackstone Press
Date of publication, distribution, etc. 2003
300 ## - PHYSICAL DESCRIPTION
Extent xxxvi, 511p.
Dimensions 23cm.
350 ## - PRICE (NR) (BK AM CF MU VM SE) [OBSOLETE]
Price 36.95
520 ## - SUMMARY, ETC.
Summary, etc. Second edition of this accessible guide to the complex and diverse area of commercial conveyancing and property. Provides practical solutions to many of the commonplace difficulties encountered, checklists as models of procedure, and precedent clauses and forms. Also covers key developments in commercial property law and practice over the last two years such as the Land Registration Act 2002 and the updated "Code of practice for commercial leases in England and Wales". Essential reading for surveyors, conveyancers, agents and the legal profession. With tables of cases, statutes and statutory instruments.
520 ## - SUMMARY, ETC.
Summary, etc. Superceded by third edition (ISBN:019928945).
650 ## - SUBJECT ADDED ENTRY--TOPICAL TERM
Topical term or geographic name entry element COMMERCIAL LEASES
650 ## - SUBJECT ADDED ENTRY--TOPICAL TERM
Topical term or geographic name entry element COVENANTS
650 ## - SUBJECT ADDED ENTRY--TOPICAL TERM
Topical term or geographic name entry element CONVEYANCING
650 ## - SUBJECT ADDED ENTRY--TOPICAL TERM
Topical term or geographic name entry element PROPERTY TRANSACTIONS
650 ## - SUBJECT ADDED ENTRY--TOPICAL TERM
Topical term or geographic name entry element CONVEYANCERS
650 ## - SUBJECT ADDED ENTRY--TOPICAL TERM
Topical term or geographic name entry element LANDLORD AND TENANT ACT 1954
690 ## - LOCAL SUBJECT ADDED ENTRY--TOPICAL TERM (OCLC, RLIN)
Topical term or geographic name as entry element PROPERTY AND LAND LAW-CONVEYANCING
700 ## - ADDED ENTRY--PERSONAL NAME
Personal name Richards, Mark
942 ## - ADDED ENTRY ELEMENTS (KOHA)
Suppress in OPAC 0
Holdings
Withdrawn status Lost status Source of classification or shelving scheme Damaged status Not for loan Home library Current library Shelving location Date acquired Cost, normal purchase price Total Checkouts Full call number Barcode Date last seen Date last checked out Copy number Cost, replacement price Price effective from Koha item type
    Dewey Decimal Classification     London London Basement 15/08/2003 31.41 16 346.410438 ABB 30068579 06/08/2019 26/02/2007 1 31.41 06/08/2019 Book